|
|
|
|
| LEADER |
00000nab a2200000 a 4500 |
| 001 |
vtls000172712 |
| 003 |
SK-MaSNL |
| 005 |
20260304060702.0 |
| 008 |
250422c1983 xo 0 slo |
| 015 |
|
|
|a SNBRB19rr/mm-uuuuu
|
| 035 |
|
|
|a CL0182824
|
| 035 |
|
|
|a (urnnbn)urn:nbn:sk:snk:ar-006mwn
|
| 035 |
|
|
|a (uuid)0b111dc5-5bca-40f4-a5af-382644cf86f6
|
| 035 |
|
|
|a urn:nbn:sk:snk-ab86jo
|
| 040 |
|
|
|a SNKBUCL
|b slo
|c SNKBUCL
|e AACR2
|
| 041 |
0 |
|
|a eng
|
| 044 |
|
|
|a xo
|c SK
|
| 080 |
|
|
|a 577.175.3
|2 1981
|
| 100 |
1 |
|
|a Nagy, G. Y.
|4 aut
|9 1344288
|
| 245 |
1 |
0 |
|a Rapid Decrease of Plasma Prolactin Levels in Lactating Rats Separated from Their Pups
|c G. Y. Nagy, Z. S. Bánky, L. Takács
|
| 300 |
|
|
|b Obr. 5. Res. angl., lit. 5 zázn. v angl.
|
| 650 |
0 |
7 |
|a prolaktín
|2 snkbucl
|9 16271
|
| 655 |
|
7 |
|a články z novín a časopisov
|2 snkbucl
|9 267496
|
| 700 |
1 |
|
|a Bánky, Z. S.
|4 aut
|9 1344289
|
| 700 |
1 |
|
|a Takács, L.
|4 aut
|9 1344290
|
| 773 |
0 |
|
|t Endocrinologia experimentalis
|g Roč. 17, č. 3-4 (1983), s. 311-316
|
| 850 |
|
|
|a Slovenská národná knižnica
|
| 852 |
|
|
|a Slovenská národná knižnica
|
| 958 |
|
|
|a article9
|
| 958 |
|
|
|a OND
|
| 958 |
|
|
|a RK
|
| 958 |
|
|
|a ME
|
| 958 |
|
|
|a HU
|
| 958 |
|
|
|a NB
|
| 958 |
|
|
|a EUIPO
|
| 992 |
|
|
|a RBX
|
| 999 |
|
|
|c 2729487
|d 2731417
|